| 000 | 00441nam a2200181Ia 4500 | ||
|---|---|---|---|
| 008 | 230524s9999 xx 000 0 und d | ||
| 020 | _a9788127252892 | ||
| 082 |
_a658.8343 _bSAH |
||
| 100 | _aN.K.Sahni | ||
| 245 | 0 | _aConsumer Behaviour : Text And Cases | |
| 250 | _aIST | ||
| 260 |
_aNEW DELHI _bKalyani _c2009 |
||
| 300 | _aXI;175 | ||
| 500 | _aQuantity Number: 3 | ||
| 650 | _aManagement | ||
| 700 | _a Meenu Gupta | ||
| 942 | _cBK | ||
| 999 |
_c43114 _d43114 |
||